000 00600nam a2200217 a 4500
001 17794
003 CO-ViMGA
008 141112s2004 ck r 000 u spa d
020 _a8432984418
040 _aCO-ViMGA
_bspa
_cCO-ViMGA
082 0 4 _a745.5 O553d
100 1 _aOller, Merce; Oller, Rosa
_925244
245 1 0 _aDecorar objetos con stencil
260 _aBarcelona (España),
_cCeac,
_c1995
300 _a62.p.
490 _aNuevas ideas
590 _aForma de adquisición : Premio - Mincultura
650 1 4 _aARTESANIA DECORATIVA
_925245
650 1 4 _aTRABAJOS MANUALES
942 _2ddc
_cBK
999 _c27267
_d27267